[Event "FIDE World Bl Team Pool B"]
[Site "London ENG"]
[Date "2025.06.14"]
[Round "10.4"]
[White "McShane, Luke J"]
[Black "Ratnesan, Ranesh"]
[Result "1-0"]
[WhiteTitle "GM"]
[BlackTitle "CM"]
[WhiteElo "2615"]
[BlackElo "2138"]
[WhiteTeam "Malcolm's Mates"]
[BlackTeam "Oxbridge"]
[WhiteFideId "404853"]
[BlackFideId "439339"]
[EventDate "2025.06.14"]
[EventType "team"]

1. e4 c5 2. Nf3 d6 3. Bc4 Nc6 4. d3 g6 5. O-O Bg7 6. h3 e6 7. Bb3 Nge7 8. c3 d5
9. Qe2 O-O 10. Nbd2 Qc7 11. Re1 Rb8 12. e5 b5 13. Bc2 a5 14. Nb3 c4 15. Nbd4
Nxd4 16. Nxd4 Nc6 17. Nxc6 cxd3 18. Bxd3 Qxc6 19. Bg5 Bd7 20. h4 b4 21. Rac1 Qb7
22. h5 bxc3 23. bxc3 Rfc8 24. Bf6 Bf8 25. Qg4 Be8 26. hxg6 fxg6 27. Qxe6+ Bf7
28. Qh3 Qb2 29. e6 Be8 30. e7 Bg7 31. Rb1 Qxa2 32. Rxb8 Rxb8 33. Qe6+ Bf7 34.
Qd6 Re8 35. Bb5 Qd2 36. Rf1 Bxf6 37. Bxe8 Bxe8 38. Qxf6 Bf7 39. Qd4 Qg5 40. Re1
Be8 41. Qe5 Qg4 42. Qxd5+ Kg7 43. Qd4+ 1-0

[Event "FIDE World Bl Team Pool B"]
[Site "London ENG"]
[Date "2025.06.14"]
[Round "10.5"]
[White "Hng, Mei-Xian Eunice"]
[Black "Bulmaga, Irina"]
[Result "0-1"]
[WhiteTitle "WFM"]
[BlackTitle "IM"]
[WhiteElo "2066"]
[BlackElo "2393"]
[WhiteTeam "Oxbridge"]
[BlackTeam "Malcolm's Mates"]
[WhiteFideId "5806585"]
[BlackFideId "13903063"]
[EventDate "2025.06.14"]
[EventType "team"]

1. e4 e5 2. Nf3 Nc6 3. Bb5 g6 4. c3 Bg7 5. d4 exd4 6. cxd4 a6 7. Bc4 d6 8. O-O
h6 9. Nc3 Bg4 10. Qb3 Qd7 11. d5 Na5 12. Qb4 Nxc4 13. Qxc4 Bxf3 14. gxf3 Nf6 15.
Be3 O-O 16. Rac1 Nh5 17. Ne2 Rac8 18. Ng3 Nf6 19. Kh1 Qe7 20. Qc2 Nd7 21. Qd2
Kh7 22. f4 h5 23. f3 h4 24. Ne2 Nf6 25. Rg1 Nh5 26. Rg4 f5 27. Rgg1 fxe4 28. f5
exf3 29. fxg6+ Kg8 30. Nc3 Rce8 31. Bf2 Nf4 32. Rce1 Qf6 33. Rg4 Rxe1+ 34. Qxe1
Nd3 35. Qf1 Ne5 36. Rg1 Nxg6 37. Qh3 Kh7 38. Qg4 Qf5 39. Qxf5 Rxf5 40. Rg4 Bxc3
41. bxc3 Rxd5 42. Bd4 c5 43. Be3 Rd1+ 44. Rg1 Rxg1+ 45. Kxg1 Kg7 46. Kf2 Ne5 47.
Bg5 h3 48. Be7 b5 49. Bxd6 Kf6 50. Bxc5 Nd3+ 51. Kxf3 Nxc5 52. Kg3 Ne4+ 53. Kxh3
Nxc3 0-1

[Event "FIDE World Bl Team Pool B"]
[Site "London ENG"]
[Date "2025.06.14"]
[Round "10.6"]
[White "Soulier, Alfred"]
[Black "Nayberg, Simona"]
[Result "1-0"]
[WhiteElo "1911"]
[BlackElo "1819"]
[WhiteTeam "Malcolm's Mates"]
[BlackTeam "Oxbridge"]
[WhiteFideId "486264"]
[BlackFideId "2075180"]
[EventDate "2025.06.14"]
[EventType "team"]

1. b3 e5 2. Bb2 Nc6 3. e3 d5 4. Bb5 Bd6 5. f4 exf4 6. Bxg7 Qh4+ 7. Kf1 fxe3 8.
dxe3 Nf6 9. Nf3 Qb4 10. Bxc6+ bxc6 11. Bxh8 Ba6+ 12. Kg1 Ne4 13. c3 Qb6 14. Nd4
O-O-O 15. Bg7 Rg8 16. Bh6 Rg6 17. Bf4 Bf8 18. g3 c5 19. Nc2 Qe6 20. Qf3 Bd3 21.
Ne1 Ba6 22. Kg2 Bb7 23. Qe2 d4 24. Kg1 Nxc3 25. Nxc3 Bxh1 26. Kxh1 dxc3 27. e4
Bg7 28. Rc1 h5 29. Nf3 Kb7 30. Qb5+ Kc8 31. Qc4 Qd7 32. Qd5 Qb5 33. Qa8+ Kd7 34.
Rd1+ Ke7 35. Qd8+ Ke6 36. Qd5+ Ke7 37. Bxc7 Qe2 1-0

[Event "FIDE World Bl Team Pool B"]
[Site "London ENG"]
[Date "2025.06.14"]
[Round "10.1"]
[White "Madan, Augustin"]
[Black "Aronian, Levon"]
[Result "0-1"]
[WhiteTitle "IM"]
[BlackTitle "GM"]
[WhiteElo "2259"]
[BlackElo "2742"]
[WhiteTeam "Desert Penguins"]
[BlackTeam "Hexamind Chess Team"]
[WhiteFideId "1210327"]
[BlackFideId "13300474"]
[EventDate "2025.06.14"]
[EventType "team"]

1. Nf3 Nf6 2. c4 b6 3. g3 c5 4. Bg2 Bb7 5. O-O g6 6. Nc3 Bg7 7. d3 O-O 8. Bg5 h6
9. Bf4 d6 10. a3 Nc6 11. Rb1 Qd7 12. Qc1 g5 13. Bd2 Nd4 14. Nxd4 cxd4 15. Nd1
Bxg2 16. Kxg2 d5 17. b3 e5 18. e3 Qf5 19. exd4 exd4 20. Nb2 Rfe8 21. Qd1 Ng4 22.
h3 Ne5 23. Bb4 Rad8 24. a4 Re6 25. Qd2 h5 26. f4 gxf4 27. Rxf4 Qg6 28. Rbf1 Bh6
29. Qf2 Nc6 30. Bd2 Bxf4 31. Bxf4 Rde8 32. Qf3 Re2+ 33. Rf2 Rxf2+ 34. Kxf2 Ne5
35. Qxd5 Nxd3+ 36. Nxd3 Qxd3 37. Qg5+ Qg6 38. Qd5 Qc2+ 39. Kf1 Qd1+ 40. Kf2 Re2+
41. Kf3 Qf1# 0-1

[Event "FIDE World Bl Team Pool B"]
[Site "London ENG"]
[Date "2025.06.14"]
[Round "10.2"]
[White "Murzin, Volodar"]
[Black "Bansal, Rohan"]
[Result "1-0"]
[WhiteTitle "GM"]
[WhiteElo "2666"]
[BlackElo "2005"]
[WhiteTeam "Hexamind Chess Team"]
[BlackTeam "Desert Penguins"]
[WhiteFideId "44155573"]
[BlackFideId "425052"]
[EventDate "2025.06.14"]
[EventType "team"]

1. d4 Nf6 2. Nf3 e6 3. Bf4 b6 4. Nbd2 Bb7 5. e3 d6 6. c3 Nbd7 7. h3 Be7 8. Bh2
O-O 9. Be2 Re8 10. O-O Ne4 11. a4 a5 12. Bb5 Nxd2 13. Nxd2 Ba6 14. Qe2 Bxb5 15.
axb5 e5 16. Rfc1 Bf6 17. Qf3 Qe7 18. Ne4 exd4 19. Nxf6+ Qxf6 20. cxd4 Qxf3 21.
gxf3 Ra7 22. Rc2 Re7 23. b4 Nf6 24. bxa5 bxa5 25. Rca2 Rb7 26. Rxa5 h6 27. Ra7
Rxb5 28. Bxd6 Rd7 29. Bxc7 Rb2 30. Be5 Rxa7 31. Rxa7 Nd5 32. e4 Nc3 33. d5 Ne2+
34. Kf1 Rc2 35. d6 1-0

[Event "FIDE World Bl Team Pool B"]
[Site "London ENG"]
[Date "2025.06.14"]
[Round "10.3"]
[White "Bharat Kumar, Balahari"]
[Black "Giri, Anish"]
[Result "0-1"]
[BlackTitle "GM"]
[WhiteElo "2052"]
[BlackElo "2748"]
[WhiteTeam "Desert Penguins"]
[BlackTeam "Hexamind Chess Team"]
[WhiteFideId "496464"]
[BlackFideId "24116068"]
[EventDate "2025.06.14"]
[EventType "team"]

1. d4 d6 2. g3 Nf6 3. Bg2 g6 4. Nf3 Bg7 5. O-O O-O 6. c4 Bf5 7. Nc3 Ne4 8. Nh4
Nxc3 9. bxc3 Bc8 10. f4 Nc6 11. Nf3 Na5 12. Qd3 b6 13. e4 Ba6 14. Nd2 c6 15. Re1
Re8 16. Qf3 Nxc4 17. Nxc4 Bxc4 18. a4 e6 19. Ba3 c5 20. Red1 cxd4 21. cxd4 Rc8
22. Qe3 h5 23. Bb4 a5 24. Ba3 Qd7 25. Bb2 d5 26. e5 b5 27. axb5 Qxb5 28. Rdb1 a4
29. Bc3 Bb3 30. Bd2 Bf8 31. Bf1 Qd7 32. Bd3 Rb8 33. Qe2 a3 34. Be3 Qa4 35. g4
hxg4 36. Qxg4 Bc2 37. Bxc2 Qxc2 38. Rxb8 Rxb8 39. Rc1 Rb1 40. Rxb1 Qxb1+ 41. Kg2
a2 0-1

[Event "FIDE World Bl Team Pool B"]
[Site "London ENG"]
[Date "2025.06.14"]
[Round "10.4"]
[White "Vidit, Santosh Gujrathi"]
[Black "Bansal, Saahil"]
[Result "1-0"]
[WhiteTitle "GM"]
[WhiteElo "2720"]
[BlackElo "1979"]
[WhiteTeam "Hexamind Chess Team"]
[BlackTeam "Desert Penguins"]
[WhiteFideId "5029465"]
[BlackFideId "438316"]
[EventDate "2025.06.14"]
[EventType "team"]

1. Nf3 d5 2. g3 Nf6 3. Bg2 e6 4. O-O Be7 5. d3 O-O 6. Bf4 b6 7. c4 Bb7 8. Nc3 c5
9. Ne5 Nc6 10. Qa4 Nxe5 11. Bxe5 Nd7 12. Bf4 e5 13. Nxd5 exf4 14. Nxe7+ Qxe7 15.
Bxb7 Rab8 16. Bf3 Ne5 17. Bd5 fxg3 18. hxg3 Ng4 19. Qc2 h5 20. Bf3 Nf6 21. Kg2
Rfe8 22. Rh1 g6 23. a3 Kg7 24. b4 b5 25. cxb5 cxb4 26. axb4 Qxb4 27. Rhb1 Qd4
28. Ra4 Qb6 29. Ra6 Qd4 30. e3 Qe5 31. d4 Qg5 32. Qc5 Qxc5 33. dxc5 Re5 34. Rxa7
Rxc5 35. b6 Nd5 36. b7 Nc3 37. Rc1 Rc7 38. Ra8 1-0

[Event "FIDE World Bl Team Pool B"]
[Site "London ENG"]
[Date "2025.06.14"]
[Round "10.5"]
[White "Ding, Yicheng"]
[Black "Divya, Deshmukh"]
[Result "0-1"]
[BlackTitle "IM"]
[WhiteElo "1793"]
[BlackElo "2463"]
[WhiteTeam "Desert Penguins"]
[BlackTeam "Hexamind Chess Team"]
[WhiteFideId "483087"]
[BlackFideId "35006916"]
[EventDate "2025.06.14"]
[EventType "team"]

1. d4 Nf6 2. c4 e6 3. Nf3 d5 4. cxd5 exd5 5. Nc3 c6 6. Bf4 Bd6 7. Bg5 h6 8. Bh4
O-O 9. e3 Bf5 10. Bd3 Bxd3 11. Qxd3 Nbd7 12. O-O Re8 13. a3 a5 14. Rac1 Qb8 15.
Qd2 b5 16. Ne2 Ne4 17. Qd3 Qb7 18. Nd2 Nb6 19. Nxe4 dxe4 20. Qc2 Rac8 21. Qc3
Qa7 22. Bg3 Nd5 23. Qd2 Bf8 24. Nc3 Nb6 25. Rfd1 b4 26. axb4 axb4 27. Ne2 Qa2
28. Ra1 Qb3 29. Rdc1 Ra8 30. Rxa8 Rxa8 31. h4 Ra2 32. Rxc6 Rxb2 33. Qe1 Rb1 34.
Rc1 Rxc1 35. Nxc1 Qb1 36. Qd2 Nc4 37. Qd1 b3 38. Qxb3 Qxc1+ 0-1

[Event "FIDE World Bl Team Pool B"]
[Site "London ENG"]
[Date "2025.06.14"]
[Round "11.1"]
[White "Gallana, Marco"]
[Black "Sevian, Samuel"]
[Result "0-1"]
[BlackTitle "GM"]
[WhiteElo "2215"]
[BlackElo "2687"]
[WhiteTeam "Hammersmith Chess Club"]
[BlackTeam "Freedom"]
[WhiteFideId "824542"]
[BlackFideId "2040506"]
[EventDate "2025.06.14"]
[EventType "team"]

1. Nf3 Nf6 2. c4 b6 3. Nc3 Bb7 4. d4 g6 5. g3 Bg7 6. Bg2 O-O 7. O-O Ne4 8. Qc2
Nxc3 9. bxc3 d6 10. e4 Nc6 11. Re1 Na5 12. c5 dxc5 13. d5 c6 14. Bg5 h6 15. dxc6
Nxc6 16. Bf4 Qc8 17. Rad1 Rd8 18. h4 Qe6 19. Kh2 Rxd1 20. Rxd1 Qc4 21. Rd7 Ba6
22. e5 Rc8 23. Qd2 Qe2 24. Bxh6 Qxd2 25. Bxd2 Bc4 26. Ng5 Nxe5 27. Rxa7 Rd8 28.
Ra8 Rxa8 29. Bxa8 Bxa2 30. Kg2 e6 31. Ne4 Bd5 32. Bxd5 exd5 33. Nd6 Kf8 34. Bf4
Nd3 35. Bd2 Be5 36. Nc8 0-1

[Event "FIDE World Bl Team Pool B"]
[Site "London ENG"]
[Date "2025.06.14"]
[Round "11.2"]
[White "Sarana, Alexey"]
[Black "Hill, Alistair"]
[Result "1-0"]
[WhiteTitle "GM"]
[WhiteElo "2686"]
[BlackElo "2178"]
[WhiteTeam "Freedom"]
[BlackTeam "Hammersmith Chess Club"]
[WhiteFideId "24133795"]
[BlackFideId "432407"]
[EventDate "2025.06.14"]
[EventType "team"]

1. d4 Nf6 2. c4 g6 3. Nc3 d5 4. Bg5 Ne4 5. Bh4 Nxc3 6. bxc3 dxc4 7. e3 Bg7 8.
Bxc4 O-O 9. Nf3 c5 10. O-O cxd4 11. cxd4 b6 12. Rc1 Bb7 13. Ne5 Nd7 14. Nxf7
Rxf7 15. Qb3 Qe8 16. Bxf7+ Qxf7 17. Qxf7+ Kxf7 18. Rc7 Ba6 19. Rxd7 Bxf1 20.
Rxe7+ Kg8 21. Kxf1 Bf8 22. Rb7 Rc8 23. Rxa7 Rc2 24. g4 Bb4 25. a4 Ra2 26. Bf6
Ba5 27. Rg7+ Kf8 28. Rxh7 Rxa4 29. h4 b5 30. h5 gxh5 31. gxh5 Ra1+ 32. Kg2 b4
33. h6 b3 34. Rb7 1-0

[Event "FIDE World Bl Team Pool B"]
[Site "London ENG"]
[Date "2025.06.14"]
[Round "11.3"]
[White "Stewart, Ashley"]
[Black "Martirosyan, Haik M."]
[Result "0-1"]
[BlackTitle "GM"]
[WhiteElo "2093"]
[BlackElo "2635"]
[WhiteTeam "Hammersmith Chess Club"]
[BlackTeam "Freedom"]
[WhiteFideId "419001"]
[BlackFideId "13306553"]
[EventDate "2025.06.14"]
[EventType "team"]

1. d4 Nf6 2. c4 e6 3. g3 c5 4. d5 exd5 5. cxd5 d6 6. Nc3 g6 7. Bg2 Bg7 8. Nf3
O-O 9. O-O a6 10. a4 Nbd7 11. Bf4 Qc7 12. Qd2 Re8 13. Rfc1 Rb8 14. a5 b5 15.
axb6 Rxb6 16. Na4 Rb5 17. Nc3 Rb4 18. Rab1 Qb8 19. Ne1 Rd4 20. Qc2 Nb6 21. Ra1
Nbxd5 22. Nxd5 Nxd5 23. Bg5 h6 24. Bd2 Rxe2 25. Rd1 Bf5 26. Qc1 Qb5 27. Bf1 Qe8
28. Bxe2 Qxe2 29. Bc3 Bh3 30. Nc2 Qe4 31. Ne3 Nxe3 32. Qxe3 Qg2# 0-1

[Event "FIDE World Bl Team Pool B"]
[Site "London ENG"]
[Date "2025.06.14"]
[Round "11.4"]
[White "Mamedov, Rauf"]
[Black "Hanache, Kai"]
[Result "1-0"]
[WhiteTitle "GM"]
[WhiteElo "2657"]
[BlackElo "2149"]
[WhiteTeam "Freedom"]
[BlackTeam "Hammersmith Chess Club"]
[WhiteFideId "13401653"]
[BlackFideId "490105"]
[EventDate "2025.06.14"]
[EventType "team"]

1. e4 c5 2. Nf3 d6 3. Nc3 Nc6 4. g3 Nf6 5. Bg2 g6 6. O-O Bg7 7. d3 O-O 8. Re1
Rb8 9. a4 a6 10. e5 dxe5 11. Nxe5 Nxe5 12. Rxe5 Nd7 13. Re1 e5 14. a5 h6 15. Ne4
Qc7 16. c4 b6 17. axb6 Qxb6 18. Qa4 Nf6 19. Qa5 Nxe4 20. Bxe4 f5 21. Bd5+ Kh7
22. Qxb6 Rxb6 23. Be3 Rxb2 24. Bxc5 Rd8 25. Rab1 Rd2 26. Red1 Rxd1+ 27. Rxd1 Bd7
28. Rb1 Ba4 29. Rb7 Kh8 30. Bb6 Rc8 31. c5 Bc6 32. Bxc6 Rxc6 33. Rb8+ Kh7 34.
Kf1 g5 35. Ke2 Kg6 36. Ra8 Kf7 37. Ra7+ Kf6 38. Rxa6 Ke6 39. Ra8 Bf6 40. f3 Be7
41. Rh8 Kd5 42. Rh7 Bxc5 43. Bxc5 Kxc5 44. Ke3 Kd5 45. Rd7+ Ke6 46. Rd8 Rc2 47.
d4 exd4+ 48. Rxd4 Rxh2 49. Ra4 Rh1 50. Kf2 Kf6 51. Ra6+ Kg7 52. Ra7+ Kg6 53.
Ra6+ Kh5 54. Rf6 Rh2+ 55. Kg1 Rd2 56. Rxf5 Kg6 57. Ra5 Rc2 58. Kf1 h5 59. Ra6+
Kf5 60. Rh6 Rh2 61. Kg1 Rd2 62. Rxh5 Kg6 63. Rh8 Kf5 64. Rf8+ Kg6 65. Re8 Kf5
66. Re4 Kg6 67. Kf1 Kf5 68. Re2 Rd3 69. Kg2 Rd1 70. Rb2 Kf6 71. Rb6+ Kg7 72. Kh3
Rd4 73. Re6 Kf7 74. Re4 Rd5 75. Kg4 Kg6 76. Re6+ Kf7 77. Rc6 Kg7 78. Kh5 Rd3 79.
Kg4 Rd5 80. Ra6 Kf7 81. Rh6 Kg7 82. Rh5 Kg6 83. f4 Rd4 84. Rxg5+ Kf6 85. Rf5+
Kg6 86. Ra5 Rd3 87. Ra6+ Kf7 88. Kh4 Rf3 89. Ra4 Rd3 90. g4 Rd6 91. f5 Kf6 92.
Re4 Rc6 93. Re6+ Rxe6 94. fxe6 Kxe6 95. Kg5 Kf7 96. Kh6 Kg8 97. Kg6 Kh8 98. Kf7
Kh7 99. g5 Kh8 100. Kg6 Kg8 101. Kh6 Kh8 102. g6 Kg8 103. g7 1-0

[Event "FIDE World Bl Team Pool B"]
[Site "London ENG"]
[Date "2025.06.14"]
[Round "11.5"]
[White "Ciocan, Maria-Alexandra"]
[Black "Injac, Teodora"]
[Result "0-1"]
[BlackTitle "IM"]
[WhiteElo "1998"]
[BlackElo "2457"]
[WhiteTeam "Hammersmith Chess Club"]
[BlackTeam "Freedom"]
[WhiteFideId "1227130"]
[BlackFideId "932400"]
[EventDate "2025.06.14"]
[EventType "team"]

1. e4 e5 2. Nf3 Nc6 3. Bc4 Bc5 4. c3 Nf6 5. d3 d6 6. Bb3 h6 7. h3 a6 8. Nbd2 O-O
9. Nf1 Ba7 10. Ng3 Re8 11. O-O Be6 12. Qe2 Qd7 13. Nh4 Ne7 14. Be3 d5 15. Bxa7
Rxa7 16. Bc2 Raa8 17. a3 Rad8 18. Rad1 c5 19. Nh5 Nxh5 20. Qxh5 Qd6 21. Rfe1 f6
22. Qe2 b5 23. d4 exd4 24. cxd4 Qf4 25. g3 Qc7 26. e5 fxe5 27. dxe5 c4 28. Kh2
Qd7 29. g4 Qc6 30. Bb1 d4 31. Qe4 Qxe4 32. Rxe4 d3 33. b3 Bd5 34. Re3 Nc6 35. f4
Nd4 36. Bxd3 cxd3 37. Rexd3 Bxb3 38. R1d2 Ne6 39. f5 Rxd3 40. Rxd3 Nc5 41. Rc3
Rxe5 42. Ng6 Re2+ 43. Kg3 Ne4+ 0-1

[Event "FIDE World Bl Team Pool B"]
[Site "London ENG"]
[Date "2025.06.14"]
[Round "11.6"]
[White "Mani, Sarbartho"]
[Black "Aryaman Ganguly"]
[Result "1-0"]
[WhiteElo "1847"]
[BlackElo "1826"]
[WhiteTeam "Freedom"]
[BlackTeam "Hammersmith Chess Club"]
[WhiteFideId "366112022"]
[BlackFideId "25981226"]
[EventDate "2025.06.14"]
[EventType "team"]

1. d4 d5 2. Nf3 Nf6 3. g3 e6 4. Bg2 c6 5. O-O Be7 6. b3 Nbd7 7. Bb2 O-O 8. Nbd2
b6 9. c4 Bb7 10. Qc2 Rc8 11. Rad1 c5 12. Qb1 Qc7 13. cxd5 exd5 14. e3 Qb8 15.
Ne5 Qa8 16. f4 Rfd8 17. Rf2 Ba6 18. h3 h6 19. Kh2 Bb7 20. Bf1 Rf8 21. Be2 Rcd8
22. Rdf1 Qb8 23. Bf3 Bd6 24. Rg1 Rfe8 25. Qd1 Re7 26. Be2 Rde8 27. Bd3 a6 28. a4
Ba8 29. Bxa6 Qa7 30. Bb5 Rd8 31. g4 1-0

[Event "FIDE World Bl Team Pool B"]
[Site "London ENG"]
[Date "2025.06.14"]
[Round "11.1"]
[White "Adams, Michael"]
[Black "Madan, Augustin"]
[Result "1-0"]
[WhiteTitle "GM"]
[BlackTitle "IM"]
[WhiteElo "2659"]
[BlackElo "2259"]
[WhiteTeam "Malcolm's Mates"]
[BlackTeam "Desert Penguins"]
[WhiteFideId "400041"]
[BlackFideId "1210327"]
[EventDate "2025.06.14"]
[EventType "team"]

1. e4 e6 2. d4 d5 3. e5 c5 4. c3 Bd7 5. Nf3 Qb6 6. a3 Bb5 7. Bxb5+ Qxb5 8. b4
cxd4 9. cxd4 Nd7 10. Nc3 Qa6 11. b5 Qa5 12. Bd2 Rc8 13. Qb3 Qd8 14. O-O Nb6 15.
Ne2 Nc4 16. Bf4 Ne7 17. h4 h5 18. Bg5 Qd7 19. Nf4 Nf5 20. g3 Be7 21. Rfd1 f6 22.
exf6 gxf6 23. Ng6 Rg8 24. Nxe7 Kxe7 25. Bf4 Kf7 26. Re1 Nfd6 27. Qd3 Ne4 28. a4
Nb2 29. Qe2 Nc4 30. Nd2 Ncxd2 31. Bxd2 Nxd2 32. Qxd2 Rg6 33. Re3 Rcg8 34. Rae1
Qc7 35. Rc1 Qd6 36. Rec3 Kg7 37. Qe2 Kh6 38. Qe3+ Kh7 39. Kg2 R8g7 40. Qf3 Kh6
41. Rc8 Rg8 42. Rxg8 Rxg8 43. Qxf6+ Rg6 44. Qh8# 1-0

[Event "FIDE World Bl Team Pool B"]
[Site "London ENG"]
[Date "2025.06.14"]
[Round "11.2"]
[White "Bansal, Rohan"]
[Black "Vitiugov, Nikita"]
[Result "0-1"]
[BlackTitle "GM"]
[WhiteElo "2005"]
[BlackElo "2671"]
[WhiteTeam "Desert Penguins"]
[BlackTeam "Malcolm's Mates"]
[WhiteFideId "425052"]
[BlackFideId "4152956"]
[EventDate "2025.06.14"]
[EventType "team"]

1. d4 Nf6 2. Nf3 e6 3. e3 b6 4. b3 a5 5. a4 Be7 6. Bb2 O-O 7. Bd3 Ba6 8. Qe2
Bxd3 9. Qxd3 d5 10. Nbd2 Nc6 11. c3 Bd6 12. e4 e5 13. O-O exd4 14. Nxd4 Nxd4 15.
cxd4 dxe4 16. Nxe4 Nd5 17. Nxd6 cxd6 18. Ba3 Qd7 19. Qf3 Nf6 20. d5 Rfe8 21.
Rac1 Ne4 22. Bb2 f6 23. Qd3 Nc5 24. Qf3 Re7 25. Bd4 Rae8 26. Bxc5 bxc5 27. Qc3
Qc7 28. b4 axb4 29. Qc4 Qa5 30. f3 Qxa4 31. Ra1 Qd7 32. Ra6 Re2 33. Rc6 Qe7 34.
Qb5 Qe3+ 35. Kh1 Qg5 36. g3 0-1

[Event "FIDE World Bl Team Pool B"]
[Site "London ENG"]
[Date "2025.06.14"]
[Round "11.3"]
[White "Saric, Ivan"]
[Black "Bharat Kumar, Balahari"]
[Result "1-0"]
[WhiteTitle "GM"]
[WhiteElo "2661"]
[BlackElo "2052"]
[WhiteTeam "Malcolm's Mates"]
[BlackTeam "Desert Penguins"]
[WhiteFideId "14508150"]
[BlackFideId "496464"]
[EventDate "2025.06.14"]
[EventType "team"]

1. g3 Nf6 2. Bg2 d5 3. Nf3 g6 4. c4 Bg7 5. cxd5 Nxd5 6. Nc3 Nb6 7. h4 h6 8. d4
O-O 9. O-O N8d7 10. e4 e6 11. a4 c5 12. d5 exd5 13. exd5 Nf6 14. Ne5 Re8 15. Re1
Bd7 16. a5 Nc8 17. a6 b6 18. d6 Rb8 19. Bf4 Bf8 20. Nd5 Nxd6 21. Nxf6+ Qxf6 1-0

[Event "FIDE World Bl Team Pool B"]
[Site "London ENG"]
[Date "2025.06.14"]
[Round "11.4"]
[White "Bansal, Saahil"]
[Black "McShane, Luke J"]
[Result "0-1"]
[BlackTitle "GM"]
[WhiteElo "1979"]
[BlackElo "2615"]
[WhiteTeam "Desert Penguins"]
[BlackTeam "Malcolm's Mates"]
[WhiteFideId "438316"]
[BlackFideId "404853"]
[EventDate "2025.06.14"]
[EventType "team"]

1. d4 Nf6 2. c4 g6 3. Nc3 Bg7 4. e4 d6 5. h3 O-O 6. Be3 e5 7. d5 a5 8. g4 Na6 9.
Nge2 h5 10. Qd2 hxg4 11. hxg4 Nxg4 12. O-O-O Nxe3 13. Qxe3 Bf6 14. Kb1 Bg5 15.
Qg3 Kg7 16. Bh3 Qf6 17. Rdg1 Bh4 18. Qg2 Rh8 19. Ng3 Bxg3 20. Qxg3 Bxh3 21. Rxh3
Rxh3 22. Qxh3 Rh8 23. Qg3 Nc5 24. f3 Rh5 25. Nb5 Qd8 26. f4 Nxe4 27. Qf3 Nd2+ 0-1

[Event "FIDE World Bl Team Pool B"]
[Site "London ENG"]
[Date "2025.06.14"]
[Round "11.5"]
[White "Mirzoeva, Elmira"]
[Black "Ding, Yiwen"]
[Result "1-0"]
[WhiteTitle "WGM"]
[WhiteElo "2294"]
[BlackElo "1844"]
[WhiteTeam "Malcolm's Mates"]
[BlackTeam "Desert Penguins"]
[WhiteFideId "4127951"]
[BlackFideId "495980"]
[EventDate "2025.06.14"]
[EventType "team"]

1. d4 Nf6 2. c4 e6 3. Nf3 d5 4. Nc3 Be7 5. Bg5 c6 6. e3 Nbd7 7. Qc2 O-O 8. a3 a5
9. h3 dxc4 10. Bxc4 b5 11. Bd3 Bb7 12. O-O h6 13. Bf4 Nb6 14. Rac1 Rc8 15. Rfd1
Nbd5 16. Bg3 Nxc3 17. Qxc3 Nd5 18. Qd2 Qb6 19. Ne5 Rfd8 20. Qe2 Nf6 21. Rc2 b4
22. a4 c5 23. dxc5 Rxc5 24. Rdc1 Rxc2 25. Rxc2 Rc8 26. Rxc8+ Bxc8 27. Qc2 Bb7
28. b3 Bd6 29. Nc4 Qc6 30. f4 Be7 31. Nxa5 Qxc2 32. Bxc2 Ba6 33. Nc6 Bc5 34. Kf2
Nd5 35. Nd4 Bxd4 36. exd4 Kf8 37. Kf3 Ke7 38. Be1 Kd6 39. Bd2 g6 40. g4 f5 41.
h4 Bb7 42. Kg3 h5 43. gxh5 gxh5 44. Bd1 Nc3 45. Bf3 Nb1 46. Bxb4+ Kc7 47. Bxb7
Kxb7 48. Kf3 Kb6 1-0

[Event "FIDE World Bl Team Pool B"]
[Site "London ENG"]
[Date "2025.06.14"]
[Round "11.6"]
[White "Ding, Yihua"]
[Black "Omarov, Murat"]
[Result "0-1"]
[WhiteElo "1536"]
[BlackElo "1823"]
[WhiteTeam "Desert Penguins"]
[BlackTeam "Malcolm's Mates"]
[WhiteFideId "495999"]
[BlackFideId "13731173"]
[EventDate "2025.06.14"]
[EventType "team"]

1. d4 Nf6 2. c4 g6 3. Nc3 Bg7 4. Bf4 d6 5. e3 O-O 6. Nf3 Nbd7 7. Be2 b6 8. O-O
Bb7 9. Qc2 Re8 10. Rfe1 a5 11. a3 e5 12. dxe5 dxe5 13. Bg3 h6 14. h3 Nh5 15. Bh2
f5 16. Rad1 Qe7 17. Nd2 Rac8 18. Bf3 Bxf3 19. Nxf3 c6 20. Rd2 Nc5 21. Rdd1 e4
22. Nd2 Nd3 23. Rf1 Qf7 24. Ne2 Nxb2 25. Rb1 0-1

[Event "FIDE World Bl Team Pool B"]
[Site "London ENG"]
[Date "2025.06.14"]
[Round "11.1"]
[White "Rodshtein, Maxim"]
[Black "O'Gorman, Tom"]
[Result "1/2-1/2"]
[WhiteTitle "GM"]
[BlackTitle "IM"]
[WhiteElo "2645"]
[BlackElo "2379"]
[WhiteTeam "Rishon LeZion Chess Club"]
[BlackTeam "Oxbridge"]
[WhiteFideId "2806851"]
[BlackFideId "2508249"]
[EventDate "2025.06.14"]
[EventType "team"]

1. d4 d5 2. Nf3 Nf6 3. c3 c6 4. Bf4 Bf5 5. e3 e6 6. Nbd2 Nbd7 7. Qb3 Qb6 8. h3
h6 9. Be2 Be7 10. O-O O-O 11. c4 Qxb3 12. axb3 c5 13. Rfc1 Rfc8 14. Bh2 Bg6 15.
Ne5 Nxe5 16. dxe5 Ne4 17. Nf1 dxc4 18. f3 Ng5 19. bxc4 Nh7 20. Kf2 Nf8 21. g4
Nd7 22. Bg3 Nb8 23. h4 Nc6 24. h5 Bh7 25. e4 Nd4 26. Bd1 Bg5 27. Rc3 Rd8 28. Ne3
Kf8 29. b3 Nc6 30. Be2 Be7 31. Rd1 Rxd1 32. Nxd1 f6 33. exf6 Bxf6 34. Rd3 Bd4+
35. Ke1 Rd8 36. Bf2 Ke7 37. Bh4+ Bf6 38. Bf2 Bd4 39. Bh4+ Bf6 40. Bf2 1/2-1/2